MARC

LEADER 00000nam0a2200000 4500
001 328881
005 20231102004115.0
035 |a (RuTPU)RU\TPU\book\354610 
090 |a 328881 
100 |a 20170227d1973 m y0rusy50 ca 
101 0 |a rus 
102 |a RU 
105 |a a z 001zy 
200 1 |a Автоматизированные системы управления  |f А. А. Модин 
210 |a Москва  |c Знание  |d 1973 
215 |a 144 с.  |c схемы 
225 1 |a Народный университет 
320 |a Библиография в конце глав 
606 1 |a Автоматизированные системы планирования и управления  |2 stltpush  |3 (RuTPU)RU\TPU\subj\615  |9 29488 
610 1 |a АСУ 
610 1 |a электронные вычислительные машины 
610 1 |a управление производством 
610 1 |a функционирование 
610 1 |a состав 
610 1 |a экономико-математические модели 
610 1 |a технические средства 
610 1 |a разработка 
610 1 |a автоматизация 
610 1 |a оперативное регулирование 
675 |a 658.012.011.56  |v 4 
700 1 |a Модин  |b А. А.  |g Анатолий Андреевич 
801 1 |a RU  |b 63413507  |c 20170227 
801 2 |a RU  |b 63413507  |c 20170302  |g RCR 
942 |c BK